000 01131cam a2200289 4500
008 090401t1996 xxu||||| |||| 00| 0 eng d
020 _a085406771X
035 _a(Sirsi) u65764
041 _aeng
050 _a346.4104342
_c18
090 _aRICS 1996/71ABCD
110 _aRoyal Institution of Chartered Surveyors
_94900
245 _aGuidance note for the letting of residential property in the private sector
260 _aLondon
_bRICS
_c1996
300 _a16p.
_c30cm.
350 _a8.95
490 _aRICS Guidance Note
520 _aSuperseded by second edition "Guidance note for the letting of residential property in the private sector under Housing Act 1998 Part I (England and Wales only) as amended by the Housing Act 1996" (ISBN 0854068880).
650 _aDEPOSIT
650 _aLETTING AGENTS
650 _aPRIVATE SECTOR
650 _aRESIDENTIAL PROPERTY
_96266
650 _aPROPERTY-RESIDENTIAL PROPERTY-RESIDENTIAL LANDLORD AND TENANT-RESIDENTIAL TENANCIES
690 _aPROPERTY-RESIDENTIAL PROPERTY-RESIDENTIAL LANDLORD AND TENANT-RESIDENTIAL TENANCIES
942 _n0
948 _c04/03/1997
999 _c94785
_d94785